|
|
|
|
| LEADER |
00000nam0a2200000 4500 |
| 001 |
375318 |
| 005 |
20231101051528.0 |
| 035 |
|
|
|a (RuTPU)RU\TPU\retro\32757
|
| 035 |
|
|
|a RU\TPU\book\226813
|
| 090 |
|
|
|a 375318
|
| 100 |
|
|
|a 20221220d1989 km y0rusy50 ca
|
| 101 |
0 |
|
|a rus
|
| 102 |
|
|
|a BY
|
| 105 |
|
|
|a a z 001zy
|
| 200 |
1 |
|
|a Оптимальное обслуживание требований последовательными и параллельными приборами: материалы по математическому обеспечению ЭВМ
|f Ю. Н. Сотсков , С. М. Барановская
|g Академия наук Белорусской ССР (АН БССР), Институт технической кибернетики (ИТК)
|
| 210 |
|
|
|a Минск
|c Ин-т технич. кибернетики АН БССР
|d 1989
|
| 215 |
|
|
|a 63 с.
|c ил.
|
| 320 |
|
|
|a Библиогр.: с. 62.
|
| 610 |
1 |
|
|a приборы
|
| 610 |
1 |
|
|a обслуживание
|
| 610 |
1 |
|
|a ЭВМ
|
| 610 |
1 |
|
|a математическое обеспечение
|
| 610 |
1 |
|
|a программы
|
| 610 |
1 |
|
|a вычислительные центры
|
| 675 |
|
|
|a 519.857
|v 3
|
| 700 |
|
1 |
|a Сотсков
|b Ю. Н.
|g Юрий Назарович
|
| 701 |
|
1 |
|a Барановская
|b С. М.
|g Светлана Михайловна
|
| 712 |
0 |
2 |
|a Академия наук Белорусской ССР (АН БССР)
|b Институт технической кибернетики (ИТК)
|c (Минск)
|2 stltpush
|3 (RuTPU)RU\TPU\col\443
|
| 801 |
|
1 |
|a RU
|b 63413507
|c 20120128
|
| 801 |
|
2 |
|a RU
|b 63413507
|c 20221220
|g RCR
|
| 942 |
|
|
|c BK
|